Normal view
MARC view
Entry Corporate Name
001 - CONTROL NUMBER
- control field: 15699
003 - CONTROL NUMBER IDENTIFIER
- control field: OSt
005 - DATE AND TIME OF LATEST TRANSACTION
- control field: 20260425145329.0
008 - FIXED-LENGTH DATA ELEMENTS
- fixed length control field: 260425|| aca||aabn | a|a d
040 ## - CATALOGING SOURCE
- Original cataloging agency: OSt
- Transcribing agency: OSt
110 ## - HEADING--CORPORATE NAME
- Corporate name or jurisdiction name as entry element: Stedelijk Van Abbemuseum
670 ## - SOURCE DATA FOUND
- Source citation: Work cat.: (OSt)5814: Richter, Gerhard, 1932- 15697, Gerhard Richter :, [1979]
